Central Library OPAC University of Rajshahi

Europe in the Middle Ages / (Record no. 26818)

MARC details
000 -LEADER
fixed length control field 00883cam a2200289 i 4500
001 - CONTROL NUMBER
control field 26818
003 - CONTROL NUMBER IDENTIFIER
rucl marc code BD-RjUL
005 - DATE AND TIME OF LATEST TRANSACTION
control field 20211209051054.0
008 - FIXED-LENGTH DATA ELEMENTS--GENERAL INFORMATION
fixed length control field 140323s1976 nyua b 001 0 eng
020 ## - INTERNATIONAL STANDARD BOOK NUMBER
International Standard Book Number 0155247123
035 ## - SYSTEM CONTROL NUMBER
System control number (BD-RjUL)26889
040 ## - CATALOGING SOURCE
Original cataloging agency DLC
Transcribing agency DLC
Modifying agency DLC
-- BD-RjUL
Language of cataloging eng
041 ## - LANGUAGE CODE
Language code of text/sound track or separate title eng
082 00 - DEWEY DECIMAL CLASSIFICATION NUMBER
Classification number 940.1
Author mark and year HOE 1976
100 1# - MAIN ENTRY--PERSONAL NAME
Personal name Hoyt, Robert S.
Fuller form of name (Robert Stuart)
9 (RLIN) 11139
245 10 - TITLE STATEMENT
Title Europe in the Middle Ages /
Statement of responsibility, etc. Robert S. Hoyt, Stanley Chodorow.
250 ## - EDITION STATEMENT
Edition statement 3d ed.
260 ## - PUBLICATION, DISTRIBUTION, ETC. (IMPRINT)
Place of publication, distribution, etc. New York :
Name of publisher, distributor, etc. Harcourt Brace Jovanovich,
Date of publication, distribution, etc. c1976.
300 ## - PHYSICAL DESCRIPTION
Pagination xi, 707 p. :
Illustrations ill. ;
Size 24 cm.
504 ## - BIBLIOGRAPHY, ETC. NOTE
Bibliography, etc Includes bibliographies and index.
650 #0 - SUBJECT ADDED ENTRY--TOPICAL TERM
Topical term or geographic name as entry element Civilization, Medieval.
9 (RLIN) 82432
651 #0 - SUBJECT ADDED ENTRY--GEOGRAPHIC NAME
Geographic name Europe
General subdivision History
Chronological subdivision 476-1492.
9 (RLIN) 74533
700 1# - ADDED ENTRY--PERSONAL NAME
Personal name Chodorow, Stanley,
Relator term joint author.
942 ## - ADDED ENTRY ELEMENTS (KOHA)
Source of classification or shelving scheme Dewey Decimal Classification
Koha item type Books
Holdings
Lost status Source of classification or shelving scheme Damaged status Not for loan Collection code Permanent Location Current Location Shelving location Date acquired Source of acquisition Cost, normal purchase price Total Checkouts Total Renewals Full call number Date last seen Date checked out Copy number Koha item type
  Dewey Decimal Classification     Non-fiction Central Library, University of Rajshahi Central Library, University of Rajshahi   06/07/1980 Mamad Bro. 70.50 7 1 940.1 HOE 1976 28/11/2022 20/09/2022 C-3 Books
  Dewey Decimal Classification   Not For Loan Non-fiction Central Library, University of Rajshahi Central Library, University of Rajshahi Reading Room 06/07/1980 Mamad Bro. 70.50     940.1 HOE 1976 08/02/2017   C-1 Books
  Dewey Decimal Classification     Non-fiction Central Library, University of Rajshahi Central Library, University of Rajshahi   06/07/1988 Dhaka manik brother 76.56 2   940.1 HOE 1976 08/09/2024 03/06/2024 C-2 Books